| 000 | 00918aam a2200337 a 4500 | ||
|---|---|---|---|
| 001 | 4341845 | ||
| 005 | 20200421093827.0 | ||
| 008 | 051003s2005 cc a 001 0 eng c | ||
| 010 | _a2005281400 | ||
| 015 |
_aGBA585266 _2bnb |
||
| 020 | _a9780596006488 | ||
| 020 |
_a0596006489 (pbk.) : _cNo price |
||
| 035 | _a(UkCU)4185829 | ||
| 035 | _a(Uk)013134723 | ||
| 035 | _a1350863 | ||
| 040 |
_aDLC _cDLC _dUkCU _dUk |
||
| 042 | _aukscp | ||
| 050 | 4 | _aQA76.76.T49 LEA | |
| 082 | 0 | 4 |
_a005.13 _222 |
| 245 | 0 | 0 |
_aLearning GNU Emacs / _cDebra Cameron ... [et al.]. |
| 250 | _a3rd ed. | ||
| 260 |
_aBeijing: _bO'Reilly, _cc2005. |
||
| 300 |
_axxii, 509 p. : _bill. ; _c24 cm. |
||
| 440 | 0 | _aNutshell handbook | |
| 500 | _a"Unix text processing"--Cover. | ||
| 504 | _aIncludes index. | ||
| 630 | 0 | 0 | _aGNU Emacs. |
| 650 | 0 | _aText editors (Computer programs) | |
| 700 | 1 |
_aCameron, Debra. _9380 |
|
| 942 |
_2ddc _cBK |
||
| 999 |
_c375 _d375 |
||